|
|
|
|
| LEADER |
00000nam a22000005a 4500 |
| 001 |
12408 |
| 003 |
CL-ChBUA |
| 005 |
20120815103414.0 |
| 008 |
070301s1947 ag 000 0 spa |
| 040 |
|
|
|a CL-ChBUA
|c CL-ChBUA
|
| 082 |
0 |
0 |
|a 371.3
|
| 090 |
|
|
|c 12408
|d 12408
|
| 100 |
1 |
|
|a Navarro, María Luisa.
|
| 245 |
1 |
0 |
|a El método del trabajo en equipos
|
| 250 |
|
|
|a 3ª ed.
|
| 260 |
|
|
|b Losada.
|c 1947.
|
| 300 |
|
|
|a 251 p.
|c 18 cm.
|
| 504 |
|
|
|a Indice.
|
| 650 |
|
4 |
|a ENSEÑANZA METODOS.
|
| 942 |
|
|
|c LIB
|
| 952 |
|
|
|0 0
|1 0
|4 0
|7 0
|9 17664
|a UNACH
|b UNACH
|c 300
|d 2007-03-05
|i 1.692.
|l 0
|o 371.3 / N 322 1947. c.1
|p 18663
|r 2012-12-27 00:00:00
|u 17664
|w 2012-08-08
|y LIB
|k 371.3 / N 322 1947. c.1
|
| 952 |
|
|
|0 0
|1 0
|4 0
|7 0
|9 17665
|a UNACH
|b UNACH
|c 300
|d 2007-03-05
|i 3.647.
|l 0
|o 371.3 / N 322 1947. c.2
|p 18664
|r 2012-12-27 00:00:00
|u 17665
|w 2012-08-08
|y LIB
|k 371.3 / N 322 1947. c.2
|
| 999 |
|
|
|c 12408
|d 12408
|